一口咬掉人生
| 資料類型: | 圖書 | 書目號: | 53448 |
Leader xxxxxxxxxx 001 __ 102610/4/01 005 __ 20191030163628.804 010 0_ |a4712966620432|b平裝|d新臺幣280元 100 __ |a20191030d2015 m y0chiy50 e 101 0_ |achi 102 __ |atw 105 __ |ay z 000cy 200 1_ |a一口咬掉人生|f張國立著 205 __ |a初版 210 __ |a臺北市|c時報文化|d2015[民104] 215 0_ |a231面|d21公分 700 _1 |a張|b國立|4著 681 __ |a855|b8753 801 _0 |atw|bLibDipper|c20191030|gCCR |